000 00560nam a22001697a 4500
005 20260416143309.0
008 260415b |||||||| |||| 00| 0 eng d
020 _a9789331320230
050 _aLB1027
_b.T43
100 _aThamarasseri, Ismail
245 _aGuidance and Counselling
260 _aNew-Delhi
_bA.P.H. Publishing Corporation
_c2019
300 _axi, 126p.
650 _aEducational Counselling
_vStudent guidance, counseling, and educational counseling services
_xTheory and practice of education
700 _aKrishnan, Dinesh Kumar
942 _cBK
999 _c4637
_d4637